Quizzes
Events
Quiz Creation
Community
Videos
Private Events
Remove Ads
Sign In
Join for FREE
Feedback
Dark Mode
Quiz Categories
Sports
Geography
Music
Movies
Television
Just For Fun
Miscellaneous
History
Literature
Language
Science
Gaming
Entertainment
Religion
Holiday
For Kids
Quiz Lab
Recent
Popular Today
Quiz Kudos Today
Editor Picks
Curator Picks
Quizzes by...
Day
Popularity
Type
Ratings
Length
Year
Community
Subscriptions
Recent Discussions
Orange Saloon
Badges
Playlists
Quests
Create
Leaderboards
Showdown
Live 5
Trivia Bingo
Activity
Puzzle Library
Sporcle Events
Private Events
Virtual Trivia
Globe League
Become a Host
Pub Owners
SporcleCon
Opinionation
Our Games
Videos
Blog
Mobile Apps
Partnerships
Remove Ads and Go Orange
Feedback
Sports
Athletes
MLB
NBA
NHL
NFL
Soccer
Sports Teams
WWE
NCAA
Football
Premier League
Basketball
Baseball
Hockey
Golf
Tennis
Cricket
Rugby
Auto Racing
Olympics
World Cup
Sports
Athletes
MLB
NBA
NHL
NFL
Soccer
Sports Teams
WWE
NCAA
Football
Premier League
Basketball
Baseball
Hockey
Golf
Tennis
Cricket
Rugby
Auto Racing
Olympics
World Cup
Random Quiz
Search Sporcle
×
Quiz Lab
Quiz Lab
Sports
team
Type in answers that appear in a list
Type in answers that appear in a list
Classic
Best Score? Go Orange.
FBS Teams w/ Multiple Undefeated Seasons Stats
Can you name the FBS Teams w/ Multiple Undefeated Seasons?
By
Tennesseevols60
10m
54 Questions
94 Plays
94 Plays
94 Plays
Comments
Comments
Give Quiz Kudos
Give Quiz Kudos
-
- Ratings
hide this ad
Replay
Link that replays current quiz
Next Quiz
Link to next quiz in quiz playlist
You Got
0%
They Got
Avg Score
74%
Avg Friend Score
Upgrade to see
Score Distribution
Jump to the score distribution portion of the page
Score
0/54
Timer
10:00
0
Plays Today
% Correct
Ohio St
97.9%
Michigan
96.8%
Texas
95.7%
Alabama
94.7%
Penn St
92.6%
Oklahoma
91.5%
Wisconsin
89.4%
Auburn
89.4%
Tennessee
89.4%
Georgia
89.4%
Notre Dame
89.4%
Southern California
88.3%
Nebraska
87.2%
Louisiana State
87.2%
Minnesota
86.2%
California-Los Angeles
85.1%
Illinois
84%
Iowa
84%
Michigan St
84%
Texas A&M
83%
Arkansas
81.9%
Army
81.9%
Navy
81.9%
Florida St
81.9%
Purdue
80.9%
Washington
80.9%
Utah
79.8%
% Correct
Arizona St
79.8%
Oregon St
79.8%
Kansas
78.7%
Colorado
77.7%
California
76.6%
Boise State
75.5%
Stanford
75.5%
Clemson
74.5%
Vanderbilt
73.4%
Texas Christian
73.4%
Georgia Tech
72.3%
Syracuse
67%
Pittsburgh
64.9%
Maryland
63.8%
Miami (FL)
56.4%
Southern Methodist
55.3%
Western Michigan
54.3%
Miami (OH)
52.1%
Rutgers
51.1%
Central Michigan
50%
Connecticut
48.9%
Eastern Michigan
47.9%
Tulane
46.8%
Toledo
46.8%
Memphis
41.5%
Utah St
36.2%
Colorado St
33%
Quiz Playlist
Details
Report
Send in Message
Add To Playlist
Classic:
Type in answers that appear in a list
Quiz Source
Last Updated: Feb 16, 2017
Quiz Scoreboard
CHALLENGE
Sign Up to Join the Scoreboard
Show All
Scores
Hide
Comments
May contain spoilers
Recently Published
Pick 6: Fruits
by JohnFran
Miscellaneous
15s
Click the 1999 NBA Draft
by nibperrychub
Sports
2m
Alphabetical 'K' Countries by Flag Minefield
by ylime102
Geography
3m
More to Explore
Quiz From the Vault
Featured Blog Post
15 Basketball Trivia Facts You Can Be March Mad About
hide this ad
You Might Also Like...
Tags
FBS
multiple
season
team
Undefeated
Today's Top Quizzes in Sports
Browse Sports
hide this ad
Today's Top Quizzes in team
Browse team
Top Contributed Quizzes in Sports
1
Pick 6: NFL Teams
2
MLB 2 truths and a lie: Hall of Fame pitchers
3
Les joueurs à 100 buts en Ligue 1 Uber Eats
4
Don't Strike Out: 3000 Strikeouts
5
Criteria MLB: Left Handed Sluggers
6
Pick 6: Minor League Baseball
7
2022 World Cup Stars
8
Click the 1998 NBA Draft
9
Millionaire: NBA Finals Edition
10
MLB Players with Two .350 Batting Average Seasons
Explore More
Trending Topics
Kpop
Harry Potter
Crossword
Disney
Marvel
Anime
NBA
Puzzle
Pokémon
NFL
The Office
Country
WWE
Song
Soccer
hide this ad
More By:
Tennesseevols60
Quiz
Plays
Rating
Category
Featured
Created
FBS Teams w/ Multiple Undefeated Seasons
94
2.17
Sports
May 28, 2012
Former SoCon Members
53
5.00
Sports
Jan 19, 2021
Go to Creator's Profile
Score Distribution
Quiz Creator Spotlight
Tennesseevols60
Follow
Send a Message
Quizzes Created
-
Created Quiz Play Count
-
More By This Creator
Popular Quizzes Today
1
Find the US States - No Outlines Minefield
2
Countries of Asia Without Outlines Minefield
3
Pick 6: Fruits
4
The Countries of the World
5
Alphabetical 'K' Countries by Flag Minefield
6
Find the US States
7
Match the Book to the Film X
8
Click the 1999 NBA Draft
More Sports Quizzes
Repeat British Grand Prix Winners
Curator's Pick
Trending Quizzes
Pick 6: Harry Potter
Pick 6: Mountains
Pick 6: NFL Teams
Pick 6: Movie Franchises
Pick 6: Golfers
Recently Updated
Women's Final Four Teams by Year
bhenderson79
Presidents Quartet II
eogle
Anything But Clue(do)
eogle
Anything But Oceanian Capitals
eogle
Anything But 7
eogle
Anything But Thing
eogle
Word Ladder: February 29
pecheneg
Song Title Questions
pecheneg
Women's NCAA Tournament #1 Seeds
pecheneg
Celebrity Mug Shots
pecheneg
Trending Topics
NBA
Kpop
Anime
Crossword
Harry Potter
Marvel
Disney
Puzzle
Soccer
NFL
Pokémon
Country
WWE
The Office
Song
Your Account Isn't Verified!
In order to create a playlist on Sporcle, you need to verify the email address you used during registration. Go to your
Sporcle Settings
to finish the process.
Report this User
Report this user for behavior that violates our
Community Guidelines
.
Details:
Send Report
Go to the Sporcle.com Mobile Site →
Comments